| 000 | 00445nam a2200157 i 4500 | ||
|---|---|---|---|
| 001 | 25077 | ||
| 003 | ES-MaACL | ||
| 005 | 20230906153205.0 | ||
| 007 | t| | ||
| 008 | 021220s1969 sp ||||1| spa d | ||
| 100 | 1 |
_aArago, Ignacio María. _922165 |
|
| 245 | 1 | 3 |
_aLa integración hospitalaria y sanitaria / _cIgnasi Aragó. |
| 260 |
_aBarcelona : _bAriel, _c[1969] |
||
| 300 |
_a319 p. : _bil. ; _c25 cm. |
||
| 852 |
_aES-MaACL _jC-42306 _bR.70342 |
||
| 999 |
_c25077 _d25077 |
||